Nuevas piezas negras : Jezabel, Antígona, Romeo y Jeannette, Medea /

Jean Anouilh (1910-1987) dramaturgo francés, autor de una sorprendente versatilidad formal, al mismo tiempo que expresa con coherencia una visión fundamentalmente trágica de la vida, donde la corrupción vence normalmente a la bondad y la honestidad, de manera que sus personajes están siempre tras un...

Descripción completa

Guardado en:
Detalles Bibliográficos
Autor principal: Anouilh, Jean (autor)
Otros autores: Bernárdez, Aurora (traducción) (traducción)
Formato: Libro
Idioma:Español
Publicado: Buenos Aires, Argentina : Losada, 1983, c1956
Edición:4a edición
Colección:(Biblioteca Clásica y Contemporánea) [s.n.]
Temas:
Etiquetas: Agrega una etiqueta
Sin etiquetas, Sé el primero en etiquetar este registro!

MARC

LEADER 00000nam^a2200000^a^4500
001 000293208
005 20250521000000.0
009 20260526135048.563
037 |a Acervo Xavier Clavigero 
041 |a ESP 
082 |a 842.  |b ANO 
100 |a Anouilh, Jean  |e (autor) 
240 1 1 |a [Jezabel] 
240 1 1 |a [Antígona, de Jean Anouilh] 
240 1 1 |a [Romeo y Jeannette] 
240 1 1 |a [Medea, de Jean Anouilh] 
245 1 0 |a Nuevas piezas negras :  |b Jezabel, Antígona, Romeo y Jeannette, Medea /  |c J. Anouilh ; tr. por A. Bernárdez. 
250 |a 4a edición 
264 4 |a Buenos Aires, Argentina :  |b Losada,  |c 1983, c1956 
300 |a 222 p. 
336 |a texto  |b txt  |2 rdacontenido 
337 |a sin mediación  |b n  |2 rdamedio 
338 |a volumen  |b nc  |2 rdasoporte 
440 1 |a (Biblioteca Clásica y Contemporánea) [s.n.] 
500 |a Traducción de: Nouvelles pièces noires: Jezabel, Antigone, Romeo et Jeannette, Medée 
520 |a Jean Anouilh (1910-1987) dramaturgo francés, autor de una sorprendente versatilidad formal, al mismo tiempo que expresa con coherencia una visión fundamentalmente trágica de la vida, donde la corrupción vence normalmente a la bondad y la honestidad, de manera que sus personajes están siempre tras un paraíso perdido. Visión que, por lo demás, no contradice su habilidad para pasar de la ironía al drama. Aunque realizó estudios de derecho y trabajó en publicidad, desde corta edad había decidido consagrar su vida al teatro, por lo que se convirtió en secretario del actor Louis Jouvet. Durante la ocupación alemana a Francia no apoyó a los invasores, pero tampoco formó parte de la resistencia, actitud que le fue reprochada por los círculos intelectuales europeos el resto de su vida. Entre sus obras destacan: El armiño (1932), El viajero sin equipaje (1937), La salvaje (1938), El baile de los ladrones (1938), Eurídice (1942), Antígona (1942), La Invitación al castillo (1947), Ardèle o Margarita (1948), Medea y La alondra (1953) y Becket o el honor de Dios (1959), El arresto (1975), Querido Antoine (1969), entre otras. 
649 |a XX 
650 |a Tragedia Francesa 
650 |a Comedia Francesa 
650 |a Teatro Francés 
650 |a Literatura Francesa -  |y Siglo XX 
650 |a Mitología Griega 
700 |a Bernárdez, Aurora  |e (traducción) 
740 0 |a Jezabel /  |c J. Anouilh ; tr. por A. Bernárdez. 
740 0 |a Antígona /  |c J. Anouilh ; tr. por A. Bernárdez. 
740 0 |a Romeo y Jeannette /  |c J. Anouilh ; tr. por A. Bernárdez. 
740 0 |a Medea /  |c J. Anouilh ; tr. por A. Bernárdez 
910 |a Fondo General 
920 |a Impresos - Libros 
930 |a Colección General 
940 |a Literatura 
905 |a 101 
901 |a 014885  |b IT1  |c LIT  |u 20250521 
902 |a https://opac.biblio.iteso.mx/vufind/Record/000293208